000 00350nam a22001457a 4500
005 20170406103326.0
008 170406b xxu||||| |||| 00| 0 eng d
020 _a978-81-203-5056-4
041 _aeng
100 _aJOSHI, MUKUND
_93831
245 _aTEXTBOOK OF FIELD CROPS
260 _aDELHI
_bPHI LEARNING PVT
_c2015
300 _a544
942 _cBK
999 _c5427
_d5425